[Event "Titled Tuesday intern op 26th Sep Early"]
[Site "Chess.com INT"]
[Date "2023.09.26"]
[Round "7"]
[White "Stijve, Theo"]
[Black "Purtseladze, Maka"]
[Result "1-0"]
[WhiteElo "2337"]
[BlackElo "2261"]
[PlyCount "73"]
[EventDate "2023.09.26"]
[EventType "swiss (blitz)"]
[EventRounds "11"]
[EventCountry "USA"]
[SourceTitle "EXT 2024"]
[Source "ChessBase"]
[SourceDate "2023.10.10"]
[SourceVersion "1"]
[SourceVersionDate "2023.10.10"]
[SourceQuality "1"]

1. e4 e6 2. d4 d5 3. Nc3 Bb4 4. e5 Ne7 5. a3 Bxc3+ 6. bxc3 c5 7. Qg4 Qc7 8. Qxg7 Rg8 9. Qxh7 cxd4 10. Ne2 dxc3 11. f4 Bd7 12. Qd3 Nbc6 13. Nxc3 a6 14. Bd2 0-0-0 15. h4 Nf5 16. Rh3 Ncd4 17. h5 Kb8 18. h6 Rg6 19. h7 Rh8 20. Rb1 Ka8 21. Rb4 Nb5 22. a4 Nxc3 23. Qxc3 Qxc3 24. Bxc3 Rg7 25. Bd3 Rgxh7 26. Bxf5 exf5 27. e6 Rxh3 28. gxh3 Re8 29. Be5 fxe6 30. a5 Bb5 31. Kf2 Re7 32. Rb1 Rh7 33. Kg3 b6 34. axb6 Kb7 35. Bc7 a5 36. Rxb5 Ka6 37. b7 1-0

[Event "Titled Tuesday intern op 26th Sep Early"]
[Site "Chess.com INT"]
[Date "2023.09.26"]
[Round "1"]
[White "Stijve, Theo"]
[Black "Tqebuchava, Zurab"]
[Result "1-0"]
[WhiteElo "2337"]
[BlackElo "2303"]
[PlyCount "99"]
[EventDate "2023.09.26"]
[EventType "swiss (blitz)"]
[EventRounds "11"]
[EventCountry "USA"]
[SourceTitle "EXT 2024"]
[Source "ChessBase"]
[SourceDate "2023.10.10"]
[SourceVersion "1"]
[SourceVersionDate "2023.10.10"]
[SourceQuality "1"]

1. e4 e5 2. Nf3 Nc6 3. Bb5 Be7 4. 0-0 d6 5. d4 exd4 6. Nxd4 Bd7 7. Nc3 Nf6 8. Re1 0-0 9. Nf5 Bxf5 10. exf5 Ne5 11. Bf4 c6 12. Bf1 Qa5 13. Qd4 Nfd7 14. Rad1 Rfe8 15. a3 Rad8 16. Ne4 Nf6 17. h3 Nxe4 18. Rxe4 Bf6 19. Qb4 Qxb4 20. axb4 d5 21. Re3 Nd7 22. c3 Rxe3 23. Bxe3 a6 24. g4 h6 25. f4 Re8 26. Kf2 Bd8 27. Bg2 Bb6 28. Re1 Rxe3 29. Rxe3 Kf8 30. Ke2 Bxe3 31. Kxe3 Ke7 32. Kd4 Kd6 33. g5 b6 34. f6 gxf6 35. gxh6 Nf8 36. c4 c5+ 37. bxc5+ bxc5+ 38. Kd3 dxc4+ 39. Kxc4 f5 40. Bd5 Ng6 41. Bxf7 Nh8 42. Bh5 Kc6 43. h7 Kd6 44. b3 Kc6 45. Bf3+ Kd6 46. Bb7 a5 47. Bc8 Kc6 48. Bxf5 Kb6 49. Be4 Kc7 50. Kxc5 1-0

[Event "Titled Tuesday intern op 19th Sep Early"]
[Site "Chess.com INT"]
[Date "2023.09.19"]
[Round "2"]
[White "Carrasco Miranda, Andres"]
[Black "Stijve, Theo"]
[Result "0-1"]
[WhiteElo "2241"]
[BlackElo "2337"]
[PlyCount "70"]
[EventDate "2023.09.19"]
[EventType "swiss (blitz)"]
[EventRounds "11"]
[EventCountry "USA"]
[SourceTitle "EXT 2024"]
[Source "ChessBase"]
[SourceDate "2023.10.10"]
[SourceVersion "1"]
[SourceVersionDate "2023.10.10"]
[SourceQuality "1"]

1. d4 Nf6 2. c4 g6 3. g3 c6 4. Bg2 d5 5. Qa4 Nbd7 6. cxd5 Nb6 7. Qb3 cxd5 8. Nc3 Bg7 9. Bg5 e6 10. Nf3 0-0 11. 0-0 h6 12. Bf4 Bd7 13. Ne5 Rc8 14. Rfd1 Nc4 15. Nxc4 Rxc4 16. e4 Bc6 17. e5 Nh5 18. Be3 a5 19. a4 g5 20. Bf3 Nf6 21. exf6 Qxf6 22. Be2 Rb4 23. Qc2 e5 24. dxe5 Qxe5 25. Bc5 Re8 26. Bb5 Bxb5 27. axb5 Rc4 28. Qd2 Rxc5 29. Re1 Qb8 30. Rxe8+ Qxe8 31. Nxd5 Rxb5 32. Nc7 Rxb2 33. Qxa5 Qc6 34. Qa8+ Kh7 35. Rf1 Qxc7 0-1

[Event "SUI-ch 122nd"]
[Site "Leukerbad"]
[Date "2023.07.19"]
[Round "5"]
[White "Colmenares, Aurelio"]
[Black "Stijve, Theo"]
[Result "1/2-1/2"]
[WhiteElo "2333"]
[BlackElo "2351"]
[PlyCount "94"]
[EventDate "2023.07.15"]
[EventType "tourn"]
[EventRounds "9"]
[EventCountry "SUI"]
[EventCategory "5"]
[SourceTitle "CBM 215 Extra"]
[Source "ChessBase"]
[SourceDate "2023.09.30"]
[SourceVersion "1"]
[SourceVersionDate "2023.09.30"]
[SourceQuality "1"]

1. c4 e6 2. e4 c5 3. Nc3 Nc6 4. f4 Nge7 5. Nf3 Nd4 6. Nxd4 cxd4 7. Nb5 Nc6 8. Bd3 a6 9. Na3 Bc5 10. 0-0 b5 11. cxb5 Nb4 12. Bc4 d3+ 13. Kh1 axb5 14. Nxb5 d5 15. exd5 exd5 16. Bxd3 0-0 17. Be2 Bf5 18. d4 Bb6 19. Bd2 Nc2 20. Rc1 Nxd4 21. Nxd4 Bxd4 22. Bb4 Bxb2 23. Bxf8 Bxc1 24. Bxg7 Kxg7 25. Qxc1 Rxa2 26. Bf3 d4 27. Qc5 Qf6 28. Rd1 Bc2 29. Rf1 d3 30. Kg1 Ra4 31. g3 Ra2 32. Be4 h6 33. Rf2 Ra1+ 34. Kg2 Re1 35. Bf3 Bd1 36. Bxd1 Rxd1 37. Qe5 Qxe5 38. fxe5 Kg6 39. Rf6+ Kg7 40. Rd6 d2 41. Kf3 h5 42. Ke3 Re1+ 43. Kxd2 Rxe5 44. Kd3 f6 45. Rd4 Kg6 46. Re4 Ra5 47. Ke3 Ra2 1/2-1/2

[Event "Basel Swiss YM"]
[Site "Basel"]
[Date "2023.04.12"]
[Round "6"]
[White "Laurent Paoli, Pierre"]
[Black "Stijve, Theo"]
[Result "1-0"]
[WhiteElo "2539"]
[BlackElo "2351"]
[PlyCount "77"]
[EventDate "2023.04.07"]
[EventType "tourn"]
[EventRounds "9"]
[EventCountry "SUI"]
[EventCategory "6"]
[SourceTitle "CBM 213 Extra"]
[Source "ChessBase"]
[SourceDate "2023.05.31"]
[SourceVersion "1"]
[SourceVersionDate "2023.05.31"]
[SourceQuality "1"]

1. Nf3 d5 2. c4 e6 3. d4 Nf6 4. Nc3 c5 5. cxd5 cxd4 6. Qxd4 exd5 7. Bg5 Be7 8. e3 Nc6 9. Bb5 0-0 10. Qa4 Be6 11. Bxc6 bxc6 12. Nd4 c5 13. Nc6 Qd7 14. 0-0 Bd6 15. Bxf6 gxf6 16. e4 d4 17. Nd5 Kg7 18. Qa6 f5 19. f3 fxe4 20. fxe4 f5 21. Nf4 fxe4 22. Ne5 Qe7 23. Nc6 Bc8 24. Qe2 Qe8 25. Nh5+ Kh8 26. Rxf8+ Bxf8 27. Rf1 Bb7 28. Nf6 Qxc6 29. Qh5 Qxf6 30. Rxf6 Bg7 31. Rf7 d3 32. Rxb7 Rf8 33. Rxg7 Kxg7 34. Qg4+ Kf7 35. Qf5+ Kg8 36. Qe6+ Kg7 37. Qxe4 d2 38. Qe5+ Rf6 39. Qg5+ 1-0

[Event "Basel Swiss YM"]
[Site "Basel"]
[Date "2023.04.11"]
[Round "5"]
[White "Stijve, Theo"]
[Black "Asllani, Dorian"]
[Result "1/2-1/2"]
[WhiteElo "2351"]
[BlackElo "2293"]
[PlyCount "87"]
[EventDate "2023.04.07"]
[EventType "tourn"]
[EventRounds "9"]
[EventCountry "SUI"]
[EventCategory "6"]
[SourceTitle "CBM 213 Extra"]
[Source "ChessBase"]
[SourceDate "2023.05.31"]
[SourceVersion "1"]
[SourceVersionDate "2023.05.31"]
[SourceQuality "1"]

1. d4 d5 2. c4 e6 3. Nf3 Nf6 4. g3 Be7 5. Bg2 0-0 6. 0-0 c6 7. Qc2 b6 8. Nbd2 Bb7 9. e4 Na6 10. e5 Nd7 11. a3 c5 12. dxc5 bxc5 13. Re1 Qb6 14. Nf1 Rfe8 15. h4 Rab8 16. h5 Nc7 17. h6 g6 18. Ne3 Bc6 19. Ng4 Qb7 20. Rb1 dxc4 21. Nh4 Nb5 22. Be3 Bxh4 23. Bxc6 Qxc6 24. gxh4 Qf3 25. Qxc4 Nd4 26. Nh2 Qd5 27. Qxd5 exd5 28. Bxd4 cxd4 29. Ng4 f5 30. exf6 Kf7 31. b4 Rbc8 32. Rxe8 Rxe8 33. Rc1 Rd8 34. Kf1 Ke6 35. f3 Kd6 36. Ke2 Rf8 37. b5 Nc5 38. Rb1 Nd7 39. Rc1 Nc5 40. Rd1 Re8+ 41. Kf2 d3 42. Rd2 d4 43. Kf1 Rf8 44. Ke1 1/2-1/2

[Event "Titled Tuesday intern op 28th Feb Early"]
[Site "Chess.com INT"]
[Date "2023.02.28"]
[Round "6"]
[White "Postny, Evgeny"]
[Black "Stijve, Theo"]
[Result "1/2-1/2"]
[WhiteElo "2551"]
[BlackElo "2338"]
[PlyCount "116"]
[EventDate "2023.02.28"]
[EventType "swiss (blitz)"]
[EventRounds "11"]
[EventCountry "USA"]
[SourceTitle "CBM 213 Extra"]
[Source "ChessBase"]
[SourceDate "2023.05.31"]
[SourceVersion "1"]
[SourceVersionDate "2023.05.31"]
[SourceQuality "1"]

1. e4 c5 2. Nf3 e6 3. d4 cxd4 4. Nxd4 Nc6 5. Nb5 Nf6 6. N1c3 Bb4 7. a3 Bxc3+ 8. Nxc3 d5 9. Bd3 dxe4 10. Nxe4 Nxe4 11. Bxe4 Qxd1+ 12. Kxd1 Bd7 13. Be3 f5 14. Bd3 e5 15. f4 e4 16. Bc4 0-0-0 17. Ke1 Rhe8 18. Rd1 Be6 19. Be2 b6 20. Kf2 Rxd1 21. Rxd1 Rd8 22. Rxd8+ Kxd8 23. h3 g6 24. g4 Kc7 25. Kg3 Na5 26. b3 Nc6 27. Kh4 h6 28. c4 Ne7 29. Bd4 Kd6 30. Bg7 Ng8 31. b4 Kc6 32. a4 a5 33. b5+ Kc5 34. Bf8+ Kd4 35. c5 bxc5 36. b6 Bc8 37. Bg7+ Ke3 38. Bc4 Kxf4 39. Bxg8 g5+ 40. Kh5 fxg4 41. hxg4 Bxg4+ 42. Kxh6 Bc8 43. Bc3 g4 44. Be6 Bb7 45. Bxa5 g3 46. Bh3 e3 47. Be1 g2 48. Bxg2 Bxg2 49. a5 Bb7 50. Kg6 Kf3 51. Kf5 Ke2 52. Bc3 Kd3 53. Be1 c4 54. Kf4 c3 55. Bxc3 Kxc3 56. Kxe3 Kb4 57. a6 Bxa6 58. b7 Bxb7 1/2-1/2

[Event "Titled Tuesday intern op 28th Feb Early"]
[Site "Chess.com INT"]
[Date "2023.02.28"]
[Round "11"]
[White "Stijve, Theo"]
[Black "Aradhya, Garg"]
[Result "0-1"]
[WhiteElo "2338"]
[BlackElo "2268"]
[PlyCount "148"]
[EventDate "2023.02.28"]
[EventType "swiss (blitz)"]
[EventRounds "11"]
[EventCountry "USA"]
[SourceTitle "CBM 213 Extra"]
[Source "ChessBase"]
[SourceDate "2023.05.31"]
[SourceVersion "1"]
[SourceVersionDate "2023.05.31"]
[SourceQuality "1"]

1. e4 e5 2. Nf3 Nc6 3. Bb5 a6 4. Ba4 Nge7 5. Nc3 d6 6. Nd5 b5 7. Bb3 Na5 8. d4 Nxb3 9. axb3 Nxd5 10. exd5 e4 11. Qe2 Bf5 12. 0-0 Qe7 13. Nd2 g6 14. Rxa6 Rxa6 15. Qxb5+ Bd7 16. Qxa6 Bg7 17. Qa8+ Qd8 18. Qxd8+ Kxd8 19. Nxe4 Bf5 20. Bg5+ Kc8 21. Nd2 Bxc2 22. Rc1 Bf5 23. Bf4 Kd7 24. Nf3 Ra8 25. h3 Be4 26. Ng5 Bxd5 27. Nxh7 Bxb3 28. Ng5 Bxd4 29. Kh2 Ra2 30. Be3 Bxb2 31. Rb1 Be5+ 32. g3 Bd5 33. h4 c5 34. Nh3 c4 35. Nf4 Bc6 36. Rc1 c3 37. Nd3 Be4 38. Nxe5+ dxe5 39. Rxc3 Ra1 40. Rc1 Ra2 41. Rd1+ Ke6 42. g4 Bf3 43. Rc1 Bxg4 44. Kg3 Bf5 45. Rc6+ Kd5 46. Rc7 Be6 47. Rb7 Ra4 48. Rb5+ Kd6 49. Rb6+ Kc7 50. Rb2 Rg4+ 51. Kf3 e4+ 52. Ke2 Rxh4 53. Rd2 Bc4+ 54. Kd1 Bd3 55. Kc1 f5 56. Kb2 f4 57. Bd4 Kc6 58. f3 Kd5 59. Bf6 Rh3 60. fxe4+ Kxe4 61. Rf2 f3 62. Bg5 Rg3 63. Bd2 Rg2 64. Be1 Ke3 65. Rxg2 fxg2 66. Bb4 Kf2 67. Bc5+ Kf1 68. Kc3 Bf5 69. Kd2 g1Q 70. Bxg1 Kxg1 71. Ke3 Kg2 72. Kf4 Kf2 73. Kg5 Kg3 74. Kf6 Kf4 0-1

[Event "Titled Tuesday intern op 28th Feb Early"]
[Site "Chess.com INT"]
[Date "2023.02.28"]
[Round "7"]
[White "Subelj, Jan"]
[Black "Stijve, Theo"]
[Result "1-0"]
[WhiteElo "2481"]
[BlackElo "2338"]
[PlyCount "61"]
[EventDate "2023.02.28"]
[EventType "swiss (blitz)"]
[EventRounds "11"]
[EventCountry "USA"]
[SourceTitle "CBM 213 Extra"]
[Source "ChessBase"]
[SourceDate "2023.05.31"]
[SourceVersion "1"]
[SourceVersionDate "2023.05.31"]
[SourceQuality "1"]

1. e4 c5 2. Nf3 e6 3. g3 Nc6 4. Bg2 Nf6 5. Qe2 e5 6. 0-0 d6 7. d3 Bg4 8. c3 Qd7 9. Bg5 Be7 10. Nbd2 h6 11. Bxf6 Bxf6 12. Nc4 h5 13. Ne3 Ne7 14. Nxg4 hxg4 15. Nd2 Bg5 16. Nc4 b5 17. Ne3 Bxe3 18. fxe3 Qe6 19. Rf2 Rb8 20. Raf1 Qh6 21. Bh1 f6 22. Qxg4 Qxe3 23. Qxg7 Rg8 24. Qxf6 Qxd3 25. Qe6 Qc4 26. Qxd6 Rd8 27. Qxe5 Rd3 28. Bf3 Kd7 29. Be2 Rdxg3+ 30. hxg3 Qe6 31. Bxb5+ 1-0

[Event "Titled Tuesday intern op 21st Feb Early"]
[Site "Chess.com INT"]
[Date "2023.02.21"]
[Round "7"]
[White "Stijve, Theo"]
[Black "Kouskoutis, Georgios Alexandros"]
[Result "1-0"]
[WhiteElo "2338"]
[BlackElo "2295"]
[PlyCount "87"]
[EventDate "2023.02.21"]
[EventType "swiss (blitz)"]
[EventRounds "11"]
[EventCountry "USA"]
[SourceTitle "CBM 212 Extra"]
[Source "ChessBase"]
[SourceDate "2023.03.31"]
[SourceVersion "1"]
[SourceVersionDate "2023.03.31"]
[SourceQuality "1"]

1. e4 c5 2. Nf3 e6 3. d4 cxd4 4. Nxd4 Nc6 5. Nc3 Qc7 6. Be2 a6 7. 0-0 b5 8. Nxc6 Qxc6 9. e5 Bb7 10. Bf3 Qc7 11. Bf4 Rc8 12. a4 b4 13. Ne4 f5 14. Nd6+ Bxd6 15. exd6 Qb8 16. Bh5+ Kf8 17. Be5 Rc5 18. Bxg7+ Kxg7 19. Qd4+ Nf6 20. Qxc5 Nxh5 21. Qxb4 Bc6 22. Qxb8 Rxb8 23. b3 Nf4 24. f3 Kf6 25. Kf2 a5 26. Rad1 e5 27. g3 Ng6 28. h4 h5 29. Rfe1 f4 30. Rd3 fxg3+ 31. Kxg3 Nf4 32. Rc3 Rg8+ 33. Kf2 Rg2+ 34. Kf1 Rd2 35. Rc5 Bxf3 36. Rexe5 Rd1+ 37. Kf2 Bg4 38. Re4 Nh3+ 39. Ke3 Rxd6 40. Rxa5 Rc6 41. c4 Ng1 42. Rf4+ Ke6 43. Rd5 Nf3 44. Re4+ 1-0

[Event "Titled Tuesday intern op 21st Feb Early"]
[Site "Chess.com INT"]
[Date "2023.02.21"]
[Round "4"]
[White "Zaichenko, Daria"]
[Black "Stijve, Theo"]
[Result "1/2-1/2"]
[WhiteElo "2104"]
[BlackElo "2338"]
[PlyCount "101"]
[EventDate "2023.02.21"]
[EventType "swiss (blitz)"]
[EventRounds "11"]
[EventCountry "USA"]
[SourceTitle "CBM 212 Extra"]
[Source "ChessBase"]
[SourceDate "2023.03.31"]
[SourceVersion "1"]
[SourceVersionDate "2023.03.31"]
[SourceQuality "1"]

1. e4 c5 2. Nf3 e6 3. d4 cxd4 4. Nxd4 Nc6 5. c4 Nf6 6. Nc3 Bc5 7. Nb3 Bb4 8. Bd3 d5 9. exd5 exd5 10. 0-0 Bxc3 11. bxc3 0-0 12. Bg5 dxc4 13. Bxc4 Ne5 14. Qxd8 Rxd8 15. Bxf6 gxf6 16. Be2 Be6 17. Rad1 Rac8 18. Rxd8+ Rxd8 19. Rd1 Rc8 20. Rc1 b6 21. f4 Nd7 22. Kf2 a5 23. Rc2 Nc5 24. c4 Bf5 25. Rc1 Nd3+ 26. Bxd3 Bxd3 27. c5 bxc5 28. Rxc5 Rxc5 29. Nxc5 Bb5 30. a4 Bc6 31. g4 Kf8 32. Ke3 Ke7 33. Kd4 Kd6 34. h4 Bf3 35. g5 fxg5 36. fxg5 Bc6 37. Ne4+ Ke6 38. Nf6 h6 39. Ng4 hxg5 40. hxg5 Bxa4 41. Ne5 Bd1 42. g6 fxg6 43. Nxg6 a4 44. Kc3 Kd5 45. Kb2 Kc4 46. Ne5+ Kb5 47. Nd3 Be2 48. Nc1 Bf1 49. Na2 Kc4 50. Nc3 a3+ 51. Kxa3 1/2-1/2

[Event "Lienz op 21st"]
[Site "Lienz"]
[Date "2023.02.17"]
[Round "8"]
[White "Stijve, Theo"]
[Black "Zelcic, Robert"]
[Result "0-1"]
[WhiteElo "2338"]
[BlackElo "2497"]
[PlyCount "118"]
[EventDate "2023.02.11"]
[EventType "swiss"]
[EventRounds "9"]
[EventCountry "AUT"]
[SourceTitle "CBM 212 Extra"]
[Source "ChessBase"]
[SourceDate "2023.03.31"]
[SourceVersion "1"]
[SourceVersionDate "2023.03.31"]
[SourceQuality "1"]

1. e4 c6 2. d4 d5 3. e5 c5 4. Nf3 Nc6 5. dxc5 Bg4 6. c3 e6 7. Be3 a6 8. Nbd2 Nxe5 9. Be2 Nc6 10. 0-0 Be7 11. b4 Bf6 12. Nd4 Bxe2 13. Qxe2 Nge7 14. f4 0-0 15. N2f3 Qc7 16. a4 Rfe8 17. Qd2 Ng6 18. Nxc6 Qxc6 19. Bd4 e5 20. fxe5 Nxe5 21. Nxe5 Bxe5 22. Rae1 Bxd4+ 23. Qxd4 Re4 24. Rxe4 dxe4 25. Qc4 Rf8 26. b5 axb5 27. axb5 Qc7 28. Re1 Re8 29. Qd4 h6 30. c4 Qe7 31. c6 bxc6 32. bxc6 Kh7 33. Qd5 Qb4 34. Rf1 f6 35. Qb5 Qd6 36. c7 Qe6 37. Qf5+ Qxf5 38. Rxf5 Rc8 39. Rc5 f5 40. Kf2 f4 41. h4 g5 42. h5 g4 43. g3 e3+ 44. Ke2 fxg3 45. Rd5 Rxc7 46. Rd4 g2 47. Rd1 Rxc4 48. Kxe3 Kg7 49. Kf2 Kf6 50. Kxg2 Kg5 51. Rh1 Rc3 52. Kf2 Kf4 53. Ra1 Rc2+ 54. Kg1 Rc5 55. Kg2 Kg5 56. Rh1 Rb5 57. Kg3 Rb2 58. Ra1 Rb3+ 59. Kg2 Kxh5 0-1

[Event "BL2-Sued 2223"]
[Site "Germany"]
[Date "2023.02.04"]
[Round "5.3"]
[White "Stijve, Theo"]
[Black "Ginsburg, Gennadij"]
[Result "0-1"]
[WhiteElo "2356"]
[BlackElo "2394"]
[PlyCount "132"]
[EventDate "2022.10.22"]
[EventType "team-tourn"]
[EventRounds "9"]
[EventCountry "GER"]
[SourceTitle "EXT 2024"]
[Source "ChessBase"]
[SourceDate "2023.10.10"]
[SourceVersion "1"]
[SourceVersionDate "2023.10.10"]
[SourceQuality "1"]
[WhiteTeam "Heilbronn"]
[BlackTeam "Hofheim"]
[WhiteTeamCountry "GER"]
[BlackTeamCountry "GER"]

1. e4 c5 2. Nf3 e6 3. d4 cxd4 4. Nxd4 a6 5. a3 Nf6 6. Bd3 e5 7. Nf3 d6 8. c4 Be7 9. Nc3 0-0 10. h3 Nbd7 11. Be3 b6 12. b4 Bb7 13. g4 Rc8 14. Rc1 b5 15. g5 Nh5 16. cxb5 axb5 17. Bxb5 Nf4 18. Bxf4 exf4 19. Nd5 Bxd5 20. exd5 Ne5 21. Nxe5 Rxc1 22. Qxc1 dxe5 23. Qc6 Bd6 24. Qd7 Qb6 25. 0-0 Rd8 26. Qc6 Qa7 27. Qc3 Qe7 28. Qf3 Qxg5+ 29. Kh1 g6 30. Bc6 Qe7 31. Re1 f5 32. Qg2 e4 33. f3 Qe5 34. Qc2 Rf8 35. Kh2 Qd4 36. Kg2 Qf6 37. Qf2 e3 38. Qg1 Qb2+ 39. Kh1 Qxa3 40. b5 Qc5 41. Rb1 Qb6 42. Qe1 Rf7 43. Qe2 Re7 44. Ra1 Qd4 45. Ra8+ Kg7 46. Ra2 Kh6 47. Kg2 Bc5 48. Rc2 Ra7 49. Rc4 Qd2 50. Rc2 Qxe2+ 51. Rxe2 Ra1 52. d6 Rd1 53. b6 Rxd6 54. b7 Ba7 55. Bb5 Rb6 56. Bd3 Rxb7 57. Ra2 Rd7 58. Be2 Kg5 59. Bb5 Rd2+ 60. Rxd2 exd2 61. Be2 Kh4 62. Bd1 g5 63. Bc2 h5 64. Bd1 g4 65. Kh2 g3+ 66. Kg2 Kg5 0-1

[Event "Titled Tuesday intern op 13th Dec Early"]
[Site "Chess.com INT"]
[Date "2022.12.13"]
[Round "4"]
[White "Bogaudinov, Rushan"]
[Black "Stijve, Theo"]
[Result "0-1"]
[WhiteElo "2003"]
[BlackElo "2384"]
[PlyCount "72"]
[EventDate "2022.12.13"]
[EventType "swiss (blitz)"]
[EventRounds "11"]
[EventCountry "USA"]
[SourceTitle "EXT 2024"]
[Source "ChessBase"]
[SourceDate "2023.10.10"]
[SourceVersion "1"]
[SourceVersionDate "2023.10.10"]
[SourceQuality "1"]

1. a3 g6 2. d4 Nf6 3. e3 Bg7 4. Nf3 0-0 5. c4 d5 6. c5 b6 7. b4 a5 8. Bb2 Ne4 9. Nc3 bxc5 10. bxc5 Nxc3 11. Bxc3 Ba6 12. Bxa6 Rxa6 13. 0-0 Nd7 14. Rb1 Nxc5 15. Rb5 Ne4 16. Bxa5 Qa8 17. Bb4 c6 18. Rc5 Nxc5 19. Bxc5 Re8 20. h4 Ra4 21. h5 Rc4 22. Qd3 e5 23. Nd2 Ra4 24. Nb3 e4 25. Qc2 gxh5 26. Qe2 Rb8 27. Nc1 Rb1 28. Qxh5 Qa6 29. Qg4 Rc4 30. Qd7 h6 31. Qe8+ Kh7 32. Qxf7 Rcxc1 33. Bf8 Rxf1+ 34. Kh2 Rh1+ 35. Kg3 Rb7 36. Qf5+ Kh8 0-1

[Event "Titled Tuesday intern op 13th Dec Early"]
[Site "Chess.com INT"]
[Date "2022.12.13"]
[Round "7"]
[White "Stijve, Theo"]
[Black "Fernandez Siles, Luis"]
[Result "0-1"]
[WhiteElo "2384"]
[BlackElo "2220"]
[PlyCount "80"]
[EventDate "2022.12.13"]
[EventType "swiss (blitz)"]
[EventRounds "11"]
[EventCountry "USA"]
[SourceTitle "EXT 2024"]
[Source "ChessBase"]
[SourceDate "2023.10.10"]
[SourceVersion "1"]
[SourceVersionDate "2023.10.10"]
[SourceQuality "1"]

1. e4 c5 2. Nf3 Nc6 3. Nc3 g6 4. Bb5 Nd4 5. Nxd4 cxd4 6. Ne2 Bg7 7. c4 dxc3 8. bxc3 a6 9. Ba4 b5 10. Bc2 Bb7 11. 0-0 Nf6 12. e5 Nd5 13. d4 0-0 14. f4 Rc8 15. Bd2 a5 16. f5 b4 17. cxb4 Nxb4 18. Bb3 Qb6 19. Kh1 Qc6 20. Nf4 g5 21. d5 Qh6 22. Bxb4 axb4 23. Nd3 Rc3 24. Rc1 Rfc8 25. Rxc3 Rxc3 26. Nxb4 e6 27. f6 Bf8 28. d6 Rh3 29. Kg1 Rxh2 30. Qg4 Rxg2+ 31. Qxg2 Bxg2 32. Kxg2 Qh4 33. Nc2 Qe4+ 34. Kg1 Qxe5 35. a4 Qc5+ 36. Kg2 Qxd6 37. Ra1 Qc6+ 38. Kf2 Qb6+ 39. Kg2 Qxb3 40. Ne1 Qb2+ 0-1

[Event "Titled Tuesday intern op 06th Dec Early"]
[Site "Chess.com INT"]
[Date "2022.12.06"]
[Round "10"]
[White "Manon Og, Ramon Jr"]
[Black "Stijve, Theo"]
[Result "1-0"]
[WhiteElo "2000"]
[BlackElo "2384"]
[PlyCount "69"]
[EventDate "2022.12.06"]
[EventType "swiss (blitz)"]
[EventRounds "11"]
[EventCountry "USA"]
[SourceTitle "CBM 211 Extra"]
[Source "ChessBase"]
[SourceDate "2023.01.31"]
[SourceVersion "1"]
[SourceVersionDate "2023.01.31"]
[SourceQuality "1"]

1. e4 e5 2. Nf3 Nf6 3. Nxe5 Nxe4 4. Nc3 Nxc3 5. dxc3 d6 6. Nf3 Be6 7. Bd3 Nc6 8. 0-0 Be7 9. h3 0-0 10. Nd4 Ne5 11. Be4 d5 12. Bxh7+ Kxh7 13. Qh5+ Kg8 14. Qxe5 Bf6 15. Nxe6 Bxe5 16. Nxd8 Raxd8 17. Re1 Rfe8 18. Be3 a6 19. Rad1 c6 20. Bb6 Rc8 21. Bc5 g6 22. Kf1 Kg7 23. Re2 Bf6 24. Rde1 Rh8 25. Bd4 Rh4 26. Bxf6+ Kxf6 27. Re7 b5 28. Ra7 Ra4 29. a3 c5 30. Ree7 Rf8 31. Rec7 Rc4 32. Rxa6+ Ke5 33. Rb6 d4 34. cxd4+ cxd4 35. Rxb5+ 1-0

[Event "Titled Tuesday intern op 06th Dec Early"]
[Site "Chess.com INT"]
[Date "2022.12.06"]
[Round "1"]
[White "Sjugirov, Sanan"]
[Black "Stijve, Theo"]
[Result "1-0"]
[WhiteElo "2712"]
[BlackElo "2384"]
[PlyCount "51"]
[EventDate "2022.12.06"]
[EventType "swiss (blitz)"]
[EventRounds "11"]
[EventCountry "USA"]
[SourceTitle "CBM 211 Extra"]
[Source "ChessBase"]
[SourceDate "2023.01.31"]
[SourceVersion "1"]
[SourceVersionDate "2023.01.31"]
[SourceQuality "1"]

1. e4 c5 2. Nf3 e6 3. d3 d5 4. Qe2 Nc6 5. g3 Be7 6. Bg2 Nf6 7. 0-0 0-0 8. e5 Nd7 9. c4 b6 10. Bf4 Bb7 11. Nc3 d4 12. Ne4 h6 13. h4 f5 14. exf6 Nxf6 15. Nxf6+ Rxf6 16. Ne5 Rc8 17. Ng4 Rxf4 18. Qxe6+ Rf7 19. Bd5 Qe8 20. Nxh6+ gxh6 21. Qg6+ Kh8 22. Bxf7 Qf8 23. Rae1 Rd8 24. Re6 Qg7 25. Qh5 Rf8 26. Rxh6+ 1-0

[Event "Titled Tuesday intern op 06th Dec Early"]
[Site "Chess.com INT"]
[Date "2022.12.06"]
[Round "2"]
[White "Stijve, Theo"]
[Black "Osmonbekov, Talaibek D"]
[Result "1-0"]
[WhiteElo "2384"]
[BlackElo "2137"]
[PlyCount "73"]
[EventDate "2022.12.06"]
[EventType "swiss (blitz)"]
[EventRounds "11"]
[EventCountry "USA"]
[SourceTitle "CBM 211 Extra"]
[Source "ChessBase"]
[SourceDate "2023.01.31"]
[SourceVersion "1"]
[SourceVersionDate "2023.01.31"]
[SourceQuality "1"]

1. e4 c5 2. a3 b6 3. b4 Bb7 4. d3 e6 5. c3 d5 6. exd5 Qxd5 7. Nf3 Nf6 8. Be2 Be7 9. 0-0 0-0 10. Nbd2 Nc6 11. bxc5 bxc5 12. Nc4 Rfd8 13. h3 h6 14. Be3 Rab8 15. Qa4 Nd7 16. Rab1 Nde5 17. Ncxe5 Nxe5 18. Qxa7 Nxd3 19. Bxd3 Qxd3 20. Rxb7 Ra8 21. Qb6 Bf6 22. Qxc5 Rac8 23. Rc7 Rxc7 24. Qxc7 Qxc3 25. Qxc3 Bxc3 26. Rb1 e5 27. a4 e4 28. Nh4 Rd5 29. g4 Ra5 30. Rb3 Bf6 31. Nf5 Rxa4 32. Rb8+ Kh7 33. Re8 Rc4 34. Nd6 Rc1+ 35. Bxc1 Bg5 36. Bxg5 hxg5 37. Nxf7 1-0